| 000 | 00916cad a22002175a 4500 | ||
|---|---|---|---|
| 001 | L156573 | ||
| 008 | 120611s2012 xxk 000 0 eng d | ||
| 035 | _a(Sirsi) u156573 | ||
| 041 | 0 | _aeng | |
| 110 | 2 |
_aEC Harris _94930 |
|
| 245 | 0 | 0 |
_aInternational focus on Germany _bconstruction market to slow but Germany remains an attractive investment market _h[electronic resource] |
| 260 |
_a[S.l.] _bECHarris _c2012 |
||
| 490 | 0 |
_aEC Harris Research _vSummer 2012 |
|
| 520 | _aThis snapshot look at the construction industry in Germany covers the property sector, construction workload, employment and construction prices. | ||
| 590 | _aKA NTK | ||
| 651 | 4 | _aGermany | |
| 690 |
_aConstruction management _96230 |
||
| 690 |
_aCommercial property _96227 |
||
| 856 | 4 | 0 |
_uhttps://www.echarris.com/pdf/8235_International%20Focus%20on%20Germany%20FINAL.pdf _zView the item free of charge at www.echarris.com |
| 942 | _n0 | ||
| 999 |
_c114294 _d114294 |
||